000 00685nam a2200229 a 4500
001 982
003 BR-CuiBMT
005 20231124193312.0
008 231111s2005 spba 001 0 por d
020 _a8529402731
040 _aBR-CuiBMT
_cBR-CuiBMT
080 _22007
_a81'36
090 _a81'36
_bS119n
_c28. ed.
100 1 _aSacconi, Luiz Antonio
245 1 0 _aNão erre mais! :
_bportuguês agradável e descomplicado /
_cLuiz Antonio Sacconi.
250 _a28. ed.
260 _aSão Paulo :
_bHarbra,
_cc2005.
300 _a304 p. :
_bil. ;
_c28 cm
504 _aInclui bibliografia e índice.
650 _aLíngua portuguesa
_xGramática
_xErros de uso.
942 _2udc
_cLV
999 _c982
_d982